225 Famosos Argentinos - Estadísticas

Estadísticas generales
  • Esta prueba ha sido intentada 396 veces
  • La puntuación promedio es 33 de 225
Estadísticas de respuestas
Respuesta % Correcto
Lionel Messi
97%
Diego Armando Maradona
89%
José de San Martín
69%
Juan Domingo Perón
64%
Ángel Di María
63%
Manuel Belgrano
56%
Mauricio Macri
55%
Ricardo Darín
55%
Néstor Carlos Kirchner
53%
Alberto Fernández
50%
Charly García
50%
Juan Román Riquelme
49%
Marcelo Tinelli
49%
Sergio Kün Aguero
48%
"Chino" Darín
47%
Emiliano "Dibu" Martínez
46%
Gustavo Cerati
46%
Carlos Saúl Menem
45%
Duki
45%
Mario Alberto Kempes
44%
Jorge Rafael Videla
40%
Carlos Gardel
39%
Fernando de la Rúa
39%
Guillermo Francella
38%
Domingo Faustino Sarmiento
37%
Luis Alberto Spinetta
37%
Raúl Ricardo Alfonsín
37%
Rodolfo "Fito" Páez
37%
Dante Spinetta
36%
Juan Manuel Fangio
33%
Oscar Martínez
33%
Sergio "Maravilla" Martínez
33%
Juan Martín del Potro
32%
Lionel Scaloni
32%
Martín Palermo
32%
Jorge Luis Borges
31%
Carlos "Indio" Solari
30%
Gabriel Batistuta
30%
Juan Manuel de Rosas
29%
Marcelo Gallardo
29%
Alfredo Di Stéfano
28%
Carlos Tévez
28%
Javier Mascherano
28%
Julio Argentino Roca
27%
Emanuel Ginóbili
26%
Papa Francisco
25%
Paulo Dybala
25%
René Favaloro
25%
Andrés Calamaro
24%
Adolfo Rodríguez Saá
23%
Alberto Rodríguez Saá
23%
Carlos Salvador Bilardo
23%
Cristian "Pity" Álvarez
23%
Daniel Alberto Passarella
23%
Palito Ortega
23%
Trueno
23%
Eduardo Duhalde
21%
Hipólito Yrigoyen
21%
Adolfo Esquivel Pérez
20%
Bizarrap
20%
Carlos Bianchi
20%
Ernesto "Che" Guevara
20%
Martín Miguel de Güemes
20%
Wos
20%
Julio Cortazar
19%
Oscar Ruggeri
19%
Arturo Illia
18%
Bernardino Rivadavia
18%
César Luis Menotti
18%
Justo José de Urquiza
18%
"Marley" Alejandro Wiebe
18%
Abel Pintos
17%
Adrián Suar
17%
Juan Sebastián Verón
17%
Carlos Monzón
16%
Leopoldo Galtieri
16%
"Potro" Rodrigo Bueno
16%
Guillermo Vilas
15%
Luis Scola
15%
Sergio Goycochea
15%
Astor Piazzola
13%
Carlos Reutemann
13%
Daniel Scioli
13%
David Nalbandian
13%
Ricardo Bochini
13%
Alberto "el Negro" Olmedo
12%
Paulo Londra
12%
Jorge Lanata
12%
Ricardo Mollo
12%
Roque Sáenz Peña
12%
Sandro
12%
Ulises Bueno
12%
Alejandro Sergi
11%
Marcos "el Chino" Maidana
11%
Norberto "Pappo" Napolitano
11%
Rodrigo de la Serna
11%
Ubaldo Fillol
11%
YSY A
11%
Carlos "la Mona" Jiménez
10%
Jorge Porcel
10%
Oscar "Ringo" Bonavena
10%
León Gieco
9%
Luciano Pereyra
9%
Mario Pergollini
9%
Ricardo Iorio
9%
Axel Kicillof
8%
Cacho Castaña
8%
Chaqueño Palavecino
8%
Diego Peretti
8%
Diego Torres
8%
Gastón Gaudio
8%
Juan José Campanella
8%
Leandro Sbaraglia
8%
Pablo Echarri
8%
Quino
8%
Alejandro Fantino
7%
Ángel Labruna
7%
Juan Bautista Alberdi
7%
Norberto "Beto" Alonso
7%
Alfio "Coco" Basile
6%
Antonio Gasalla
6%
Ernesto Sábato
6%
Federico Moura
6%
Fernando Peña
6%
José Hernández
6%
Leo Dan
6%
Leo Mattioli
6%
Mariano Closs
6%
Mauro Viale
6%
Nery Pumpido
6%
Pedro Aznar
6%
Roberto Pettinato
6%
Adolfo Bioy Casares
5%
Andrés "Chapu" Nocioni
5%
Bernardo Houssay
5%
Cacho Fontana
5%
Domingo Cavallo
5%
Gerardo Sofovich
5%
Hugo del Carril
5%
Jorge Guinzburg
5%
Juan Martín Hernández
5%
Litto Nebbia
5%
Luis Brandoni
5%
Nicolino Locche
5%
Aníbal Troilo
4%
Atahualpa Yupanqui
4%
David Lebón
4%
Fabricio Oberto
4%
Federico D'Elía
4%
Gustavo Cordera
4%
Jorge Rojas
4%
Leopoldo Lugones
4%
Luis Federico Leloir
4%
Luis Rubén Di Palma
4%
Nito Mestre
4%
Pablo Lescano
4%
Roberto Goyeneche
4%
Sergio Denis
4%
Tato Bores
4%
Vicentico
4%
Walter Nelson
4%
Carlitos Balá
3%
Carlos Saavedra Lamas
3%
Diego Capusotto
3%
Emmanuel Horvilleur
3%
Guido Kaczka
3%
Gustavo Santaolalla
3%
Jairo
3%
José Meolans
3%
Miguel Abuelo
3%
Roberto Arlt
3%
Roberto "el Negro" Fontanarrosa
3%
Rodolfo Walsh
3%
Silvio Soldán
3%
Victor Hugo Morales
3%
Alejandro "Negro" Dolina
2%
Alfredo Alcón
2%
Darío Grandinetti
2%
Alejandro Lerner
2%
Fernando Niembro
2%
Hugo Conte
2%
Hugo Porta
2%
Juan Alberto Badía
2%
Julio Bocca
2%
Julio Chávez
2%
Leonardo Favio
2%
Luis Majul
2%
Víctor Galíndez
2%
Víctor Heredia
2%
Carlos Pagni
1%
Carlos Retegui
1%
César Milstein
1%
Claudio Rissi
1%
Diego Topa
1%
Enrique Macaya Márquez
1%
Enrique Santos Discépolo
1%
Felipe Contepomi
1%
Fidel Nadal
1%
Gastón Pauls
1%
Gildo Insfrán
1%
Hernán Piquín
1%
Horacio Guarany
1%
Javier Portales
1%
Juan Carlos Baglietto
1%
Juan Carlos Zabala
1%
Luis Novaresio
1%
Maximiliano Guerra
1%
Piñón Fijo
1%
Roberto De Vicenzo
1%
Sebastián Crismanich
1%
Agustín Creevy
0%
Alejandro Awada
0%
Antonio Ríos
0%
Bahiano
0%
José Alperovich
0%
Luis Agote
0%
Marcos Galperín
0%
Marcos Milinkovic
0%
Noel Schajris
0%
Padre Carlos Mugica
0%
Peteco Carabajal
0%
Raly Barrionuevo
0%
Samuel "Chiche" Gelblung
0%
Skay Beilinson
0%
Tanguito
0%
No se encontraron pruebas coincidentes
Distribución de puntuación
Porcentaje de gente con cada puntuación
Porcentaje por número respondido
Historial de tus puntuaciones
No has intentado esta prueba.